Escribe Rápido! Números - Estadísticas

Estadísticas generales
  • Esta prueba ha sido intentada 467 veces
  • La puntuación promedio es 74 de 100
Estadísticas de respuestas
Número % Correcto
1 1
100%
2 2
99%
3 3
99%
4 4
99%
5 5
99%
6 6
99%
8 8
96%
10 10
95%
11 11
95%
9 9
95%
12 12
92%
13 13
91%
14 14
91%
15 15
91%
7 7
91%
16 16
89%
18 18
89%
21 21
89%
19 19
88%
20 20
88%
17 17
87%
23 23
87%
22 22
86%
30 30
86%
31 31
86%
25 25
85%
26 26
85%
27 27
85%
28 28
85%
32 32
85%
24 24
84%
29 29
84%
34 34
83%
33 33
82%
35 35
82%
42 42
82%
36 36
81%
37 37
81%
38 38
81%
39 39
80%
40 40
80%
46 46
80%
41 41
79%
43 43
79%
44 44
79%
45 45
79%
47 47
79%
48 48
79%
50 50
79%
49 49
77%
51 51
77%
52 52
77%
53 53
76%
54 54
76%
60 60
76%
61 61
76%
55 55
75%
62 62
74%
56 56
73%
63 63
73%
59 59
72%
64 64
72%
65 65
72%
57 57
71%
58 58
71%
66 66
71%
67 67
71%
68 68
67%
69 69
67%
70 70
66%
71 71
66%
72 72
66%
73 73
65%
74 74
63%
75 75
61%
76 76
60%
77 77
59%
80 80
57%
78 78
56%
81 81
56%
79 79
55%
82 82
55%
85 85
53%
86 86
52%
90 90
52%
83 83
51%
84 84
51%
87 87
51%
88 88
51%
89 89
50%
92 92
46%
100 100
45%
91 91
45%
93 93
44%
96 96
44%
94 94
43%
95 95
43%
97 97
43%
99 99
42%
98 98
41%
No se encontraron pruebas coincidentes
Distribución de puntuación
Porcentaje de gente con cada puntuación
Porcentaje por número respondido
Historial de tus puntuaciones
No has intentado esta prueba.